000 00869nam2a2200253 4500
001 RU\NLR\bibl\1831017
005 20250616164448.0
010 _a978-5-699-50647-7
021 _aRU
_b2011-1834и
035 _a(NLR Aleph) 001821520
090 _a2012341
_c2012341
100 _a20111109d2011 |||y0rusy50 ca
101 1 _arus
_cund
102 _aRU
105 _aa |||||||||
200 1 _aПогоня!!!
210 _d2011
_aБ. м.
215 _a179 с.
_cил.
461 0 _1001RU\NLR\bibl\1686792
_12001#$aЖемчуг дракона$vКн. 7
_91082978
_cМосква
_d2010
_fАкира Торияма [текст и рис.
_lDragon ball
_nЭксмо
_o[манга в оригинальном формате]
_tЖемчуг дракона
_vКн. 7
801 0 _aRU
_bNLR
_c20111109
_gRCR
801 1 _aRU
_bNLR
_c20111109
942 _cBOOK
980 _aNB